00357nam a2200157Ia 4500008004100000020001800041041000800059082001300067100001400080245003100094250001200125260002300137300000800160365001700168700001400185230718s9999 xx 000 0 und d a9781937707903 aeng a513bYUD aYudkin D. aGREbWord Problems Guide 5 a4th ed. c2014bMG Prep, Inc a212 cRs.b1318.00 aYudkin D.